00501nam a2200145 a 4500008004100000020001500041041000800056100002300064245005100087250002100138260005500159300001100214500010300225653002700328110916s2000 mx a f |||| 001 0 spa d a9687157941 aspa1 aBowers, Richard W. aFisiología del deporte /cRichards W. Bowers a3a ed. 2a reimp. aMéxico:bEditorial Médica Panamericana;c2000. a428 p. aBowers, R. (2000). Fisiología del deporte. (3a ed.). México : Editorial Médica Panamericana. aFisiologia del deporte